00692nam a2200205 a 450000100060000000300080000600500170001400800410003103500190007204000320009104100080012308200270013110000270015824500490018526000600023430000260029450000600032050400660038060000400044647067BD-RjUL20211209054244.0160807r19681951nyu b 001 0beng  a(BD-RjUL)47186 aDLCcDLCdDLCdBD-RjULbeng aeng00a347.9973223bHEC 19681 aHendel, Samuel,d1909-10aCharles Evans Hughes and the Supreme Court / aNew York :bRussell & Russell,cc1951, [reprinted 1968] axii, 337 p. ;c23 cm. aFirst published in 1951 as thesis, Columbia University. aBibliographical references included in "Notes" (p. [297]-328) aHughes, Charles Evans, d1862-1948.